000
00340 a2200157 4500
001
153246
040
_c
Escola São Tomás de Aquino
100
_a
CERVANTES, Miguel de
240
1
0
_a
Dom Quixote
_l
por
245
1
0
_a
Dom Quixote
300
_a
134
362
0
_a
2003
440
1
_a
Scipione
697
_a
*LITERATURA JUVENIL
942
_c
BK
999
_c
153246
_d
153246